| 000 | 01411nam0a22002531 4500 | ||
|---|---|---|---|
| 001 | rc\3023630 | ||
| 005 | 20250806201440.0 | ||
| 035 | _a(NLR Aleph) 007165393 | ||
| 090 |
_a24324 _c24324 |
||
| 100 | _a20110928d1942 u y0rusy50 ca | ||
| 101 | 0 | _arus | |
| 102 | _aRU | ||
| 105 | _ac z ||||| | ||
| 200 | 1 |
_aРатификация "Договора между Союзом Советских Социалистических Республик и Соединенным Королевством в Великобритании о союзе в войне против гитлеровской Германии и ее сообщников в Европе и о сотрудничестве и взаимной помощи после войны" _eДоклад Народного Комиссара Иностранных Дел В.М. Молотова в Верховном Совете СССР 18 июня 1942 года |
|
| 210 |
_aСаратов _cГазетно-книжное изд-во Обкома ВКП(б) _d1942 |
||
| 215 |
_a30, [1] с. _cпортр. _d14 см |
||
| 700 | 1 |
_aМолотов _bВ. М. _f1890-1986 _gВячеслав Михайлович _3RU\NLR\auth\77127154 _4570 |
|
| 801 | 0 |
_aRU _bNLR _gpsbo |
|
| 801 | 1 |
_aRU _bELAR _2rusmarc |
|
| 852 |
_aNLR _jП10 Г-2/14 |
||
| 942 | _cBOOK | ||
| 945 | _aРоссийская национальная библиотека | ||
| 980 | _aNB | ||
| 980 | _aBV | ||